[Event "I Festival Sole di Puglia A"]
[Site "Giovinazzo ITA"]
[Date "2015.07.20"]
[Round "2"]
[White "Balog, Imre"]
[Black "Damia, Angelo"]
[WhiteElo "2531"]
[BlackElo "2159"]
[Result "1-0"]
[PlyCount "109"]
[EventDate "2015.07.19"]

1. c4 c5 2. g3 Nf6 3. Bg2 g6 4. Nc3 Bg7 5. e3 O-O 6. Nge2 Na6 7. O-O Nc7 8. Qb3
d6 9. d4 Nd7 10. Rd1 Rb8 11. h3 a6 12. a4 b6 13. Nf4 Bb7 14. d5 Ne5 15. Bd2 Bc8
16. Qa2 Bf5 17. g4 Bd7 18. Rab1 Qc8 19. Nce2 h5 20. f3 hxg4 21. hxg4 Bxg4 22.
fxg4 Qxg4 23. Kf1 g5 24. Nh3 Nxc4 25. Nf2 Qh4 26. b3 Ne5 27. Be1 f5 28. Nd3 Qg4
29. Qd2 Nf3 30. Bxf3 Qxf3+ 31. Nf2 b5 32. Qd3 bxa4 33. Ba5 Nxd5 34. Qxd5+ Qxd5
35. Rxd5 Rxb3 36. Rxb3 axb3 37. Rd1 Rb8 38. Rb1 Rb5 39. Bd2 Kf7 40. Nc3 Rb7 41.
Ke2 Ke6 42. e4 g4 43. exf5+ Kxf5 44. Nxg4 Bxc3 45. Ne3+ Ke4 46. Bxc3 d5 47. Rh1
d4 48. Rh4+ Ke5 49. Bb2 Kd6 50. Nc4+ Kd5 51. Kd3 e5 52. Rh5 Re7 53. Bc1 a5 54.
Bf4 a4 55. Bxe5 1-0

[Event "I Festival Sole di Puglia A"]
[Site "Giovinazzo ITA"]
[Date "2015.07.20"]
[Round "2"]
[White "Dappiano, Andrea"]
[Black "Garofalo, Pietro"]
[WhiteElo "2204"]
[BlackElo "2079"]
[Result "1/2-1/2"]
[PlyCount "106"]
[EventDate "2015.07.19"]

1. e4 e6 2. d3 d5 3. Nd2 Nf6 4. Ngf3 c5 5. g3 Nc6 6. Bg2 Be7 7. O-O Qc7 8. Re1
b6 9. exd5 exd5 10. Nf1 O-O 11. Bf4 Bd6 12. Bxd6 Qxd6 13. c3 Ba6 14. d4 Bxf1
15. Bxf1 c4 16. Ne5 Rfe8 17. f4 b5 18. Bg2 a5 19. g4 Re7 20. g5 Ne4 21. Rxe4
dxe4 22. Bxe4 Rc8 23. Qh5 g6 24. Qf3 Nxd4 25. Qd1 Nf5 26. Bxf5 Qxd1+ 27. Rxd1
gxf5 28. Rd5 Rb7 29. Kf2 Kf8 30. Nf3 b4 31. Rxa5 bxc3 32. bxc3 Rb2+ 33. Ke3 Rd8
34. Nd4 Re8+ 35. Kf3 Rxh2 36. Nxf5 Rh3+ 37. Ng3 Rd8 38. Kg4 Rxg3+ 39. Kxg3 Rd3+
40. Kg4 Rxc3 41. f5 f6 42. Ra8+ Kf7 43. Ra7+ Kg8 44. gxf6 Rc1 45. Rg7+ Kf8 46.
Rc7 c3 47. Kf3 Ra1 48. Rxc3 Rxa2 49. Rc7 Ra6 50. f7 Rf6 51. Kf4 Rxf7 52. Rc6
Ra7 53. Kg5 Kg7 1/2-1/2

[Event "I Festival Sole di Puglia A"]
[Site "Giovinazzo ITA"]
[Date "2015.07.20"]
[Round "2"]
[White "Distaso, Antonio"]
[Black "Sarno, Spartaco"]
[WhiteElo "2120"]
[BlackElo "2317"]
[Result "1/2-1/2"]
[PlyCount "49"]
[EventDate "2015.07.19"]

1. e4 c6 2. Nc3 d5 3. d4 dxe4 4. Nxe4 Bf5 5. Ng3 Bg6 6. h4 h6 7. Nf3 Nd7 8. h5
Bh7 9. Bd3 Bxd3 10. Qxd3 e6 11. Bd2 Ngf6 12. O-O-O Qc7 13. Ne4 O-O-O 14. g3
Nxe4 15. Qxe4 Bd6 16. Qe2 Rhe8 17. Rhe1 Nf6 18. Ne5 c5 19. dxc5 Bxc5 20. Qf3
Rd5 21. Bc3 Red8 22. Rxd5 Rxd5 23. g4 Bd6 24. Nd3 Be7 25. Kb1 1/2-1/2

[Event "I Festival Sole di Puglia A"]
[Site "Giovinazzo ITA"]
[Date "2015.07.20"]
[Round "3"]
[White "Aleksic, Nenad"]
[Black "Balog, Imre"]
[WhiteElo "2337"]
[BlackElo "2531"]
[Result "0-1"]
[PlyCount "50"]
[EventDate "2015.07.19"]

1. e4 e6 2. Nf3 d5 3. Nc3 Nf6 4. e5 Nfd7 5. d4 c5 6. dxc5 Nc6 7. Bf4 h6 8. h4
Nxc5 9. Bd3 a6 10. a3 Bd7 11. h5 Rc8 12. Kf1 Na5 13. Kg1 Nc4 14. Bxc4 dxc4 15.
Nd2 Na4 16. Nde4 Nxc3 17. Nxc3 Bc6 18. Qe2 Qb6 19. Rb1 Bc5 20. Rh3 O-O 21. Rg3
Kh8 22. Rf1 Rcd8 23. Bc1 Rd4 24. Rd1 Rh4 25. Nb1 Bxf2+ 0-1

[Event "I Festival Sole di Puglia A"]
[Site "Giovinazzo ITA"]
[Date "2015.07.20"]
[Round "3"]
[White "Belezky, Alexander"]
[Black "Distaso, Antonio"]
[WhiteElo "2454"]
[BlackElo "2120"]
[Result "1-0"]
[PlyCount "117"]
[EventDate "2015.07.19"]

1. Nf3 c5 2. b3 e6 3. Bb2 Nc6 4. e3 Nf6 5. Bb5 Be7 6. O-O O-O 7. Bxc6 bxc6 8.
d3 d6 9. e4 e5 10. h3 h6 11. Nbd2 Nh7 12. c3 Ba6 13. Qe2 Ng5 14. Nxg5 Bxg5 15.
Nf3 Rb8 16. Rfe1 f5 17. Rad1 fxe4 18. Qxe4 Rf4 19. Qe2 Qf6 20. Bc1 Rf5 21. Bxg5
hxg5 22. Qe3 Rf8 23. Nh2 Bc8 24. f3 Rf4 25. Re2 a5 26. Qf2 Qd8 27. Qg3 a4 28.
bxa4 Rxa4 29. c4 Qe7 30. Nf1 Bf5 31. Ne3 Bh7 32. Ng4 Rfa8 33. Qf2 Qf7 34. Rb2
Ra3 35. Qe2 Qf4 36. Nf2 Qd4 37. Kf1 d5 38. Rbd2 Bf5 39. Re1 Re8 40. Rc1 Rea8
41. Rcc2 Rb8 42. Rd1 Kf7 43. Ne4 Rd8 44. cxd5 cxd5 45. Nxc5 Rda8 46. Nb3 Qf4
47. g4 Bg6 48. Kg2 Kg8 49. Rf1 Re8 50. Rf2 Qb4 51. Qe3 Qf4 52. Qc5 Rxb3 53.
axb3 d4 54. Qb5 Qe3 55. Rcd2 Rf8 56. Rde2 Qxd3 57. Qxd3 Bxd3 58. Rxe5 Rd8 59.
Rd2 1-0

[Event "I Festival Sole di Puglia A"]
[Site "Giovinazzo ITA"]
[Date "2015.07.20"]
[Round "3"]
[White "Garofalo, Pietro"]
[Black "Naumkin, Igor"]
[WhiteElo "2079"]
[BlackElo "2437"]
[Result "1/2-1/2"]
[PlyCount "82"]
[EventDate "2015.07.19"]

1. b3 d5 2. e3 c5 3. Bb2 Nf6 4. Bb5+ Nbd7 5. Nf3 a6 6. Bxd7+ Qxd7 7. Ne5 Qc7 8.
d3 g6 9. c4 Bg7 10. Qc2 O-O 11. Nd2 b6 12. O-O Bb7 13. f4 Rad8 14. Ndf3 Qc8 15.
h3 Ne8 16. cxd5 Bxd5 17. e4 Bb7 18. Rad1 f6 19. Nc4 Qc7 20. Nh4 Nd6 21. f5 g5
22. Nxd6 Qxd6 23. Nf3 h5 24. Qe2 g4 25. hxg4 hxg4 26. Nh4 Qg3 27. Ng6 Bh6 28.
Bc1 Bxc1 29. Rxc1 Rxd3 30. Nxf8 Kxf8 31. Rcd1 Qe3+ 32. Qxe3 Rxe3 33. Rfe1 Rxe4
34. Kf2 Rxe1 35. Rxe1 Bc8 36. Rh1 Bxf5 37. Rh8+ Kf7 38. Rb8 c4 39. Rxb6 cxb3
40. Rxb3 Be6 41. Ra3 Bc8 1/2-1/2

[Event "I Festival Sole di Puglia A"]
[Site "Giovinazzo ITA"]
[Date "2015.07.20"]
[Round "3"]
[White "Sarno, Spartaco"]
[Black "Dappiano, Andrea"]
[WhiteElo "2317"]
[BlackElo "2204"]
[Result "1-0"]
[PlyCount "111"]
[EventDate "2015.07.19"]

1. d4 e6 2. Nf3 c5 3. c4 cxd4 4. Nxd4 Nf6 5. Nc3 Bb4 6. Bd2 Nc6 7. a3 Be7 8.
Bf4 d5 9. e3 O-O 10. Be2 Nxd4 11. Qxd4 dxc4 12. Qxc4 Bd7 13. O-O Bc6 14. Qb3
Qa5 15. Bb5 Nd5 16. Bxc6 bxc6 17. Nxd5 cxd5 18. Rac1 Bf6 19. Rc2 Rfc8 20. h3
Qb6 21. Qxb6 axb6 22. Rfc1 Rxc2 23. Rxc2 g5 24. Bd6 Rd8 25. Rc6 Bxb2 26. Rxb6
Rxd6 27. Rxd6 Bxa3 28. Rd8+ Kg7 29. g4 Bb2 30. Kf1 Bf6 31. Rd7 Be5 32. Ke2 Kg6
33. Kd3 Bh2 34. f3 Bg3 35. Rb7 Bd6 36. Kd4 Bh2 37. Rb2 Bd6 38. Re2 Bg3 39. Kc5
h5 40. Rg2 Bb8 41. Ra2 hxg4 42. hxg4 Bg3 43. Kc6 Be5 44. Kd7 d4 45. exd4 Bxd4
46. Ke8 f5 47. Ke7 fxg4 48. fxg4 e5 49. Ra6+ Kg7 50. Ke6 Be3 51. Kxe5 Bf4+ 52.
Kf5 Bd2 53. Ra7+ Kg8 54. Kg6 Kf8 55. Rf7+ Ke8 56. Rf5 1-0

[Event "I Festival Sole di Puglia A"]
[Site "Giovinazzo ITA"]
[Date "2015.07.21"]
[Round "4"]
[White "Balog, Imre"]
[Black "Sarno, Spartaco"]
[WhiteElo "2531"]
[BlackElo "2317"]
[Result "1-0"]
[PlyCount "67"]
[EventDate "2015.07.19"]

1. c4 Nf6 2. Nc3 c5 3. g3 d5 4. cxd5 Nxd5 5. Bg2 Nc7 6. Qa4+ Bd7 7. Qb3 Nc6 8.
Qxb7 Nd4 9. Qe4 g6 10. Qb1 Rb8 11. e3 Nc6 12. Nge2 Bg7 13. O-O O-O 14. d3 Nb5
15. Bd2 Ne5 16. f4 Ng4 17. Qc1 Be6 18. h3 Nf6 19. Rd1 Qxd3 20. Be1 Nxc3 21.
Nxc3 Qa6 22. e4 Nd7 23. e5 c4 24. Nd5 Bxd5 25. Rxd5 Nb6 26. Ra5 Qc8 27. Rxa7
Rd8 28. Kh2 Nd5 29. Ra4 Nb6 30. Rb4 Qc5 31. a4 Rbc8 32. Rb5 Qd4 33. Bc3 Qf2 34.
Qg1 1-0

[Event "I Festival Sole di Puglia A"]
[Site "Giovinazzo ITA"]
[Date "2015.07.21"]
[Round "4"]
[White "Caputi, Nicola"]
[Black "Aleksic, Nenad"]
[WhiteElo "1983"]
[BlackElo "2337"]
[Result "0-1"]
[PlyCount "142"]
[EventDate "2015.07.19"]

1. c4 b6 2. Nc3 e6 3. e4 Bb7 4. Nge2 Nf6 5. d3 c5 6. g3 d6 7. Bg2 a6 8. O-O Qc7
9. a3 Be7 10. Rb1 Nbd7 11. Qc2 O-O 12. h3 Rab8 13. b4 Rfd8 14. Be3 Rdc8 15. Qd2
Ba8 16. b5 a5 17. Bf4 Rd8 18. g4 Rbc8 19. Bg3 Nf8 20. Qc2 Ng6 21. f4 h6 22. f5
Ne5 23. fxe6 fxe6 24. Nf4 Qd7 25. Rbd1 Re8 26. Na4 Rb8 27. Rfe1 Bf8 28. Qb2 Qc7
29. Nc3 Bb7 30. Qf2 Bc8 31. Qc2 Qf7 32. Rf1 Qc7 33. Rf2 Bd7 34. Rdf1 Be7 35.
Qd2 Rf8 36. Nfe2 Rbe8 37. Nf4 Rf7 38. Qc2 Ref8 39. Na4 Bd8 40. Nc3 Bc8 41. Re1
Qe7 42. Qd2 Bc7 43. Ref1 Qd7 44. Rd1 Bb7 45. Qe1 Ba8 46. Rdd2 g5 47. Nfe2 d5
48. exd5 exd5 49. Rxf6 Rxf6 50. Bxe5 Bxe5 51. Nxd5 Bxd5 52. Bxd5+ Kg7 53. d4
cxd4 54. Nxd4 Bxd4+ 55. Rxd4 Qd6 56. Re4 Rf1+ 57. Qxf1 Rxf1+ 58. Kxf1 Qxa3 59.
Kg2 a4 60. Re6 Qb2+ 61. Kg3 Qd4 62. Re7+ Kf6 63. Re6+ Kg7 64. Re7+ Kf8 65. Ra7
Qf4+ 66. Kg2 Qd2+ 67. Kg1 a3 68. Rxa3 Qc1+ 69. Kg2 Qxa3 70. Kh2 Qe3 71. Kg2 Ke7
0-1

[Event "I Festival Sole di Puglia A"]
[Site "Giovinazzo ITA"]
[Date "2015.07.21"]
[Round "4"]
[White "Lattanzio, Savino"]
[Black "Garofalo, Pietro"]
[WhiteElo "2155"]
[BlackElo "2079"]
[Result "1-0"]
[PlyCount "56"]
[EventDate "2015.07.19"]

1. d4 e6 2. e3 c5 3. Nf3 Nf6 4. Nbd2 Be7 5. Bd3 O-O 6. O-O b6 7. Qe2 Bb7 8. c3
Nc6 9. a3 d5 10. b3 Bd6 11. Bb2 Re8 12. c4 h6 13. Ne5 Qc7 14. f4 Rad8 15. cxd5
Nxd5 16. Rac1 Bxe5 17. fxe5 cxd4 18. exd4 Nde7 19. Qf2 Rf8 20. Ne4 Nf5 21. g4
Nfe7 22. g5 Nf5 23. gxh6 gxh6 24. Nf6+ Kh8 25. Bxf5 exf5 26. Qxf5 Rg8+ 27. Nxg8
Rxg8+ 28. Kf2 Qd8 1-0

[Event "I Festival Sole di Puglia A"]
[Site "Giovinazzo ITA"]
[Date "2015.07.21"]
[Round "4"]
[White "Naumkin, Igor"]
[Black "Belezky, Alexander"]
[WhiteElo "2437"]
[BlackElo "2454"]
[Result "1/2-1/2"]
[PlyCount "83"]
[EventDate "2015.07.19"]

1. d4 Nf6 2. c4 e6 3. Nf3 Bb4+ 4. Nbd2 b6 5. g3 Bb7 6. Bg2 O-O 7. O-O a5 8. Qc2
Bxd2 9. Bxd2 Be4 10. Qc1 d6 11. Bc3 Nbd7 12. b3 a4 13. Qb2 Qb8 14. Bh3 b5 15.
d5 e5 16. Nd2 Bg6 17. Bb4 bxc4 18. bxc4 Qb6 19. a3 Rfb8 20. Bg2 Nc5 21. Qc3 Na6
22. Ba5 Qb2 23. Qe3 Nd7 24. Bc3 Qb6 25. Qg5 Ndc5 26. h4 h6 27. Qg4 h5 28. Qg5
Kh7 29. e4 Nb3 30. Rae1 f6 31. Qe3 Qxe3 32. Rxe3 Nxd2 33. Bxd2 Rb2 34. Ba5 Rc2
35. Rc3 Rxc3 36. Bxc3 Rb8 37. Ra1 Nc5 38. f3 f5 39. exf5 Bxf5 40. Bb4 Na6 41.
Ba5 Rb3 42. g4 1/2-1/2

[Event "I Festival Sole di Puglia A"]
[Site "Giovinazzo ITA"]
[Date "2015.07.22"]
[Round "5"]
[White "Balog, Imre"]
[Black "Lattanzio, Savino"]
[WhiteElo "2531"]
[BlackElo "2155"]
[Result "1-0"]
[PlyCount "77"]
[EventDate "2015.07.19"]

1. d4 Nf6 2. Bg5 e6 3. Nf3 Be7 4. e3 b6 5. c4 Bb7 6. Nc3 h6 7. Bxf6 Bxf6 8. Bd3
c5 9. O-O O-O 10. Bc2 cxd4 11. exd4 d5 12. cxd5 Bxd5 13. Nxd5 Qxd5 14. Qd3 g6
15. Qe3 Nc6 16. Be4 Qd6 17. Qxh6 Rac8 18. Rad1 Ne7 19. h4 Bg7 20. Qg5 f6 21.
Qd2 Kf7 22. Rfe1 Rh8 23. g3 Bh6 24. Qe2 Nd5 25. Qd3 Rhg8 26. Nh2 Ne7 27. Qf3
Bg7 28. h5 gxh5 29. d5 e5 30. Qxh5+ Kf8 31. Qf3 Ke8 32. Ng4 Kd8 33. Bf5 Rc5 34.
b4 Rc4 35. Rc1 Rxb4 36. Ne3 b5 37. Be6 Rh8 38. Nf5 Nxf5 39. Rc6 1-0

[Event "I Festival Sole di Puglia A"]
[Site "Giovinazzo ITA"]
[Date "2015.07.22"]
[Round "5"]
[White "Belezky, Alexander"]
[Black "Aleksic, Nenad"]
[WhiteElo "2454"]
[BlackElo "2337"]
[Result "1/2-1/2"]
[PlyCount "41"]
[EventDate "2015.07.19"]

1. Nf3 Nf6 2. g3 b6 3. Bg2 Bb7 4. d3 e6 5. O-O c5 6. e4 d5 7. Nbd2 Nc6 8. Re1
Be7 9. c3 Qc7 10. a3 h6 11. b4 dxe4 12. dxe4 O-O-O 13. Qe2 g5 14. e5 Nd7 15.
Nc4 Kb8 16. b5 Na5 17. Nxa5 bxa5 18. c4 a4 19. Bb2 Nb6 20. Bc3 Rd7 21. Red1
1/2-1/2

[Event "I Festival Sole di Puglia A"]
[Site "Giovinazzo ITA"]
[Date "2015.07.22"]
[Round "5"]
[White "Dappiano, Andrea"]
[Black "Naumkin, Igor"]
[WhiteElo "2204"]
[BlackElo "2437"]
[Result "0-1"]
[PlyCount "48"]
[EventDate "2015.07.19"]

1. e4 e6 2. Nc3 d5 3. Nf3 Nf6 4. e5 Nfd7 5. d4 c5 6. dxc5 Nc6 7. Bf4 Bxc5 8.
Bd3 f6 9. exf6 Nxf6 10. Qe2 O-O 11. O-O-O a6 12. Rhe1 b5 13. Ne5 Nxe5 14. Bxe5
Ra7 15. g4 Re7 16. g5 Nd7 17. Bg3 Bb7 18. Qg4 Qb6 19. b4 Bxf2 20. Bxh7+ Kxh7
21. g6+ Kg8 22. Qh4 Be3+ 23. Kb1 Nf6 24. Bd6 Bf2 0-1

[Event "I Festival Sole di Puglia A"]
[Site "Giovinazzo ITA"]
[Date "2015.07.22"]
[Round "5"]
[White "Sarno, Spartaco"]
[Black "Fuochi, Tommaso"]
[WhiteElo "2317"]
[BlackElo "1950"]
[Result "1-0"]
[PlyCount "91"]
[EventDate "2015.07.19"]

1. c4 e5 2. Nc3 Nc6 3. g3 g6 4. Bg2 Bg7 5. e3 Nge7 6. Nge2 O-O 7. O-O d6 8. d3
Be6 9. Nd5 Qd7 10. Rb1 Nd8 11. b4 c6 12. Nxe7+ Qxe7 13. b5 Qd7 14. bxc6 bxc6
15. Ba3 Rc8 16. Qb3 Re8 17. Nc3 Bf8 18. Ne4 Kg7 19. f4 f5 20. Ng5 Kg8 21. e4
Bg7 22. exf5 gxf5 23. Qd1 h6 24. Nxe6 Qxe6 25. fxe5 Bxe5 26. Qh5 Rf8 27. Bh3
Rc7 28. Bxf5 Rxf5 29. Qxf5 Qxf5 30. Rxf5 Ne6 31. Kg2 Rg7 32. Kh1 Nd4 33. Rb8+
Kh7 34. Rff8 Re7 35. Rfe8 Rf7 36. Rf8 Re7 37. Rf2 Ne6 38. Bb2 Nd4 39. Kg2 d5
40. Rbf8 dxc4 41. dxc4 Kg6 42. Rg8+ Kh7 43. Rg4 c5 44. Re4 Kg7 45. Ba3 Bf6 46.
Rg4+ 1-0

[Event "I Festival Sole di Puglia A"]
[Site "Giovinazzo ITA"]
[Date "2015.07.23"]
[Round "6"]
[White "Aleksic, Nenad"]
[Black "Sarno, Spartaco"]
[WhiteElo "2337"]
[BlackElo "2317"]
[Result "1/2-1/2"]
[PlyCount "30"]
[EventDate "2015.07.19"]

1. d4 Nf6 2. Nf3 g6 3. Bg5 Bg7 4. Nbd2 d5 5. e3 O-O 6. Bd3 Nbd7 7. O-O Re8 8.
c3 e5 9. dxe5 Nxe5 10. Nxe5 Rxe5 11. Nf3 Re8 12. h3 c6 13. Re1 Qb6 14. Qb3 Ne4
15. Bf4 Nc5 1/2-1/2

[Event "I Festival Sole di Puglia A"]
[Site "Giovinazzo ITA"]
[Date "2015.07.23"]
[Round "6"]
[White "Garofalo, Pietro"]
[Black "Belezky, Alexander"]
[WhiteElo "2079"]
[BlackElo "2454"]
[Result "0-1"]
[PlyCount "86"]
[EventDate "2015.07.19"]

1. b3 e5 2. Bb2 Nc6 3. e3 a6 4. c4 Nf6 5. Be2 d6 6. Nf3 Bg4 7. d3 Be7 8. a3 O-O
9. Nbd2 Nd7 10. d4 exd4 11. Nxd4 Bxe2 12. Qxe2 Bf6 13. N2f3 Nc5 14. Qc2 Ne5 15.
O-O Nxf3+ 16. Nxf3 Bxb2 17. Qxb2 Re8 18. Nd4 Re5 19. b4 Nd7 20. Rfd1 Rh5 21. f4
Qe8 22. Qe2 Nf6 23. Qf3 Qe4 24. Rac1 Re8 25. Re1 c6 26. Qxe4 Rxe4 27. Nf3 d5
28. c5 Rh6 29. Nd4 Ng4 30. Nf5 Rxh2 31. Rcd1 g6 32. Nd6 Rxe3 33. Ne8 Rh4 34.
Nf6+ Kg7 35. Nxg4 Rxe1+ 36. Rxe1 Rxg4 37. Re7 Rxf4 38. Rxb7 a5 39. Rb6 axb4 40.
axb4 h5 41. g3 Rf6 42. b5 cxb5 43. c6 Rf3 0-1

[Event "I Festival Sole di Puglia A"]
[Site "Giovinazzo ITA"]
[Date "2015.07.23"]
[Round "6"]
[White "Lattanzio, Savino"]
[Black "Damia, Angelo"]
[WhiteElo "2155"]
[BlackElo "2159"]
[Result "1-0"]
[PlyCount "113"]
[EventDate "2015.07.19"]

1. d4 Nf6 2. Nd2 d5 3. e3 e6 4. Bd3 c5 5. c3 Nc6 6. Ngf3 cxd4 7. exd4 Bd6 8.
O-O Bd7 9. Re1 Qc7 10. Qe2 O-O-O 11. Ne5 Be8 12. Ndf3 Nd7 13. Nxc6 Qxc6 14. a4
Kb8 15. a5 Nf8 16. Bd2 f6 17. a6 b6 18. c4 Bg6 19. c5 Bxd3 20. Qxd3 Bc7 21.
cxb6 Bxb6 22. Rac1 Qd7 23. Bf4+ Ka8 24. Qb3 Rc8 25. Qb5 Rc4 26. Rxc4 dxc4 27.
Qxd7 Nxd7 28. Rxe6 Nb8 29. Bxb8 Kxb8 30. Re7 Rd8 31. Rxg7 Bxd4 32. Nxd4 Rxd4
33. g3 Rd1+ 34. Kg2 Rb1 35. Rb7+ Kc8 36. Rxa7 Rxb2 37. Rxh7 Ra2 38. Rh4 Ra4 39.
Rf4 Kc7 40. a7 Kb7 41. a8=Q+ Kxa8 42. Rxf6 Kb7 43. Kf1 c3 44. Ke2 Rd4 45. Rf3
Rd2+ 46. Ke1 Rc2 47. Kd1 Rd2+ 48. Kc1 Kb6 49. Rxc3 Rxf2 50. Rc2 Rf5 51. Kd2 Re5
52. Kd3 Kb7 53. Re2 Ra5 54. Ke4 Kc7 55. Kf4 Kd7 56. h4 Kd8 57. g4 1-0

[Event "I Festival Sole di Puglia A"]
[Site "Giovinazzo ITA"]
[Date "2015.07.23"]
[Round "6"]
[White "Naumkin, Igor"]
[Black "Balog, Imre"]
[WhiteElo "2437"]
[BlackElo "2531"]
[Result "1/2-1/2"]
[PlyCount "84"]
[EventDate "2015.07.19"]

1. d4 d5 2. c4 c6 3. Nf3 Nf6 4. Nc3 a6 5. Ne5 dxc4 6. Nxc4 g6 7. Bf4 Bg7 8. e3
O-O 9. Be2 Nd5 10. Bg3 Nd7 11. a4 N7f6 12. a5 Be6 13. O-O Nxc3 14. bxc3 Bxc4
15. Bxc4 Ne4 16. Qc2 Nxg3 17. hxg3 e6 18. Rfb1 Ra7 19. Ra3 Re8 20. Qa2 Bf8 21.
Rab3 Re7 22. Be2 Rd7 23. Bf3 Qg5 24. c4 Be7 25. Qa4 Qf5 26. d5 Kg7 27. dxc6
bxc6 28. Bxc6 Rd2 29. Rf1 Qc2 30. Rbb1 Qxa4 31. Bxa4 Rc7 32. Rfd1 Ra2 33. Ra1
Rxa1 34. Rxa1 Rxc4 35. Bd1 Bf6 36. Be2 Rc2 37. Bd3 Rxf2 38. Kxf2 Bxa1 39. Bxa6
Bc3 40. g4 Bxa5 41. e4 Kf6 42. Kf3 Ke5 1/2-1/2

[Event "I Festival Sole di Puglia A"]
[Site "Giovinazzo ITA"]
[Date "2015.07.24"]
[Round "7"]
[White "Aleksic, Nenad"]
[Black "Naumkin, Igor"]
[WhiteElo "2337"]
[BlackElo "2437"]
[Result "1/2-1/2"]
[PlyCount "39"]
[EventDate "2015.07.19"]

1. d4 Nf6 2. Nf3 e6 3. c3 b6 4. Bf4 Bb7 5. Nbd2 Be7 6. e3 c5 7. Bd3 Nc6 8. h3
O-O 9. O-O cxd4 10. exd4 Nd5 11. Bh2 d6 12. Re1 a6 13. a4 Re8 14. Qe2 Bf8 15.
Rad1 g6 16. Nc4 Rb8 17. Ne3 Nc7 18. Bg3 b5 19. axb5 axb5 20. Bh4 1/2-1/2

[Event "I Festival Sole di Puglia A"]
[Site "Giovinazzo ITA"]
[Date "2015.07.24"]
[Round "7"]
[White "Belezky, Alexander"]
[Black "Balog, Imre"]
[WhiteElo "2454"]
[BlackElo "2531"]
[Result "1/2-1/2"]
[PlyCount "39"]
[EventDate "2015.07.19"]

1. Nf3 Nf6 2. g3 g6 3. Bg2 Bg7 4. O-O O-O 5. d3 c5 6. c3 Nc6 7. a3 d5 8. b4 Nd7
9. Qb3 e6 10. Be3 b6 11. Nbd2 a5 12. d4 cxd4 13. cxd4 a4 14. Qd3 h6 15. Rac1
Bb7 16. b5 Na5 17. Bf4 Qe7 18. Rc7 g5 19. Ne5 Rfd8 20. Nc6 1/2-1/2

[Event "I Festival Sole di Puglia A"]
[Site "Giovinazzo ITA"]
[Date "2015.07.24"]
[Round "7"]
[White "Pizzuto, Samuele Tullio"]
[Black "Dappiano, Andrea"]
[WhiteElo "2051"]
[BlackElo "2204"]
[Result "0-1"]
[PlyCount "132"]
[EventDate "2015.07.19"]

1. d4 e6 2. Nc3 d5 3. Nf3 Be7 4. Bf4 Nf6 5. e3 O-O 6. Bd3 c5 7. O-O Nc6 8. a3
Nh5 9. dxc5 Nxf4 10. exf4 Bf6 11. Ne5 Qe7 12. b4 a5 13. b5 Nxe5 14. fxe5 Bxe5
15. Bxh7+ Kxh7 16. Qh5+ Kg8 17. Qxe5 Qxc5 18. Ne4 Qe7 19. Ng3 Bd7 20. c4 f6 21.
Qd4 dxc4 22. Qxc4 Rfc8 23. Qd3 Rc5 24. a4 Rac8 25. Ne4 Rd5 26. Qg3 f5 27. Nc3
Rdc5 28. Ne2 Rc2 29. Rfe1 Qf6 30. Rad1 Be8 31. h4 e5 32. Nc1 Bh5 33. f3 e4 34.
Nb3 f4 35. Qh3 e3 36. Nd4 R2c4 37. Nc6 Ra8 38. Rd5 Bg6 39. Ne5 Rxa4 40. h5 Bf5
41. Ng4 Bxg4 42. Qxg4 Re8 43. Rd7 Ra1 44. Rxg7+ Qxg7 45. Rxa1 Qxg4 46. fxg4 Re5
47. b6 Kg7 48. Kf1 Kh6 49. Ra4 Kg5 50. h6 Kxg4 51. h7 Rh5 52. Rxa5 Rxh7 53. Ra8
Rg7 54. Rc8 Rg6 55. Rc7 Rxb6 56. Rg7+ Kf5 57. Rf7+ Ke5 58. Re7+ Kf6 59. Re8 Rb2
60. Rg8 b5 61. g3 Rf2+ 62. Ke1 f3 63. Re8 Re2+ 64. Kf1 Kf5 65. Rf8+ Kg4 66.
Rg8+ Kh3 0-1

[Event "I Festival Sole di Puglia A"]
[Site "Giovinazzo ITA"]
[Date "2015.07.24"]
[Round "7"]
[White "Sarno, Spartaco"]
[Black "Lattanzio, Savino"]
[WhiteElo "2317"]
[BlackElo "2155"]
[Result "1-0"]
[PlyCount "49"]
[EventDate "2015.07.19"]

1. c4 Nf6 2. Nf3 e6 3. g3 d5 4. b3 Be7 5. Bg2 O-O 6. O-O b6 7. Bb2 Bb7 8. e3
Nbd7 9. Qe2 c5 10. Rd1 Qc7 11. Nc3 Rac8 12. Rac1 a6 13. cxd5 Nxd5 14. Nxd5 exd5
15. d4 Bf6 16. dxc5 bxc5 17. Ne1 Bxb2 18. Qxb2 Nb6 19. Nd3 c4 20. Qd4 Rfd8 21.
Nf4 h6 22. Nh5 f6 23. Nf4 Qd6 24. bxc4 Rc5 25. Ne6 1-0

[Event "I Festival Sole di Puglia A"]
[Site "Giovinazzo ITA"]
[Date "2015.07.25"]
[Round "8"]
[White "Balog, Imre"]
[Black "Finocchiaro, Gianluca"]
[WhiteElo "2531"]
[BlackElo "2018"]
[Result "1-0"]
[PlyCount "109"]
[EventDate "2015.07.19"]

1. c4 Nc6 2. g3 e5 3. Bg2 g6 4. e4 Nge7 5. h4 h5 6. d3 Bg7 7. Nc3 d6 8. Be3 Nd4
9. Nh3 c5 10. O-O O-O 11. Kh2 f6 12. a3 a5 13. Rb1 Be6 14. b4 Qd7 15. bxc5 dxc5
16. Nd5 Rab8 17. Bxd4 cxd4 18. f4 b5 19. fxe5 fxe5 20. Rxb5 Rxb5 21. Rxf8+ Kxf8
22. Qf3+ Ke8 23. cxb5 Nxd5 24. exd5 Bg4 25. Qf2 Bxh3 26. Bxh3 Qxd5 27. b6 e4
28. dxe4 Qxe4 29. Bg2 Qe3 30. Qc2 Be5 31. Qxg6+ Ke7 32. b7 d3 33. Qh7+ Kf6 34.
Qg8 d2 35. Qf8+ Kg6 36. Qf3 Qe1 37. Qc6+ Kg7 38. Qd7+ Kf6 39. Qd8+ Kg7 40. Qg5+
Kf8 41. b8=R+ Bxb8 42. Qf6+ Kg8 43. Bd5+ Kh7 44. Qf5+ Kg7 45. Qg5+ Kh7 46.
Qxh5+ Kg7 47. Qg5+ Kh7 48. Qf5+ Kg7 49. Qf7+ Kh6 50. Qf8+ Kg6 51. Bf7+ Kf5 52.
Bb3+ Kg4 53. Qc8+ Kf3 54. Bd5+ Ke3 55. Qc3+ 1-0

[Event "I Festival Sole di Puglia A"]
[Site "Giovinazzo ITA"]
[Date "2015.07.25"]
[Round "8"]
[White "Dappiano, Andrea"]
[Black "Aleksic, Nenad"]
[WhiteElo "2204"]
[BlackElo "2337"]
[Result "1/2-1/2"]
[PlyCount "24"]
[EventDate "2015.07.19"]

1. c4 b6 2. Nf3 Bb7 3. g3 Bxf3 4. exf3 c5 5. d4 cxd4 6. Qxd4 Nc6 7. Qd1 e6 8.
Bg2 Nf6 9. O-O Rc8 10. b3 Be7 11. Bb2 O-O 12. Nc3 a6 1/2-1/2

[Event "I Festival Sole di Puglia A"]
[Site "Giovinazzo ITA"]
[Date "2015.07.25"]
[Round "8"]
[White "Naumkin, Igor"]
[Black "Damia, Angelo"]
[WhiteElo "2437"]
[BlackElo "2159"]
[Result "1-0"]
[PlyCount "77"]
[EventDate "2015.07.19"]

1. d4 Nf6 2. c4 e5 3. dxe5 Ng4 4. e4 Nxe5 5. f4 Nec6 6. Be3 a5 7. Nc3 Na6 8.
Nf3 Bc5 9. Qd2 d6 10. Bd3 O-O 11. O-O Re8 12. Rae1 Bxe3+ 13. Rxe3 Nc5 14. Bb1
Be6 15. b3 a4 16. f5 Bd7 17. Nd5 axb3 18. axb3 Na5 19. f6 c6 20. Ne7+ Rxe7 21.
fxe7 Qxe7 22. e5 d5 23. cxd5 cxd5 24. Nd4 Nc6 25. Nf5 Bxf5 26. Bxf5 g6 27. b4
Na4 28. b5 Na5 29. Bd3 Nb6 30. Ref3 Nac4 31. Bxc4 Qc5+ 32. Qf2 Qxf2+ 33. R3xf2
Nxc4 34. Rxf7 Ne3 35. Rxb7 Nxf1 36. Kxf1 d4 37. b6 d3 38. Ke1 Ra5 39. Rc7 1-0

[Event "I Festival Sole di Puglia A"]
[Site "Giovinazzo ITA"]
[Date "2015.07.25"]
[Round "8"]
[White "Sarno, Spartaco"]
[Black "Belezky, Alexander"]
[WhiteElo "2317"]
[BlackElo "2454"]
[Result "1/2-1/2"]
[PlyCount "125"]
[EventDate "2015.07.19"]

1. c4 e5 2. Nc3 Nc6 3. g3 g6 4. Bg2 Bg7 5. e3 d6 6. Nge2 h5 7. h4 Bg4 8. d3
Nge7 9. Rb1 a5 10. a3 O-O 11. b4 axb4 12. axb4 Qd7 13. b5 Nd8 14. Nd5 Nxd5 15.
cxd5 Qc8 16. Qc2 b6 17. Nc3 Nb7 18. O-O Nc5 19. Rb4 Ra5 20. Bd2 Qf5 21. Rc4 Bf3
22. Qb1 Bxg2 23. Kxg2 Ra7 24. d4 Qd3 25. Qxd3 Nxd3 26. Rb1 f5 27. Kf1 Re8 28.
Ke2 exd4 29. Kxd3 dxc3 30. Bxc3 Bxc3 31. Kxc3 Re5 32. Rd1 Kf7 33. Kb3 Kf6 34.
Ra4 Rxa4 35. Kxa4 Re8 36. Kb4 Ra8 37. Rc1 Rc8 38. f4 Ke7 39. Re1 Ra8 40. e4
fxe4 41. Rxe4+ Kf6 42. Rc4 Ra7 43. Re4 Ra1 44. Rc4 Rb1+ 45. Ka4 Ra1+ 46. Kb4
Ra7 47. Re4 Kf5 48. Re6 Ra1 49. Re7 Rb1+ 50. Kc4 Rc1+ 51. Kd4 Rc5 52. Rf7+ Kg4
53. Rg7 Kf5 54. Rf7+ Kg4 55. Rg7 Kxg3 56. f5 Rxb5 57. Rxg6+ Kxh4 58. Rg7 c6 59.
dxc6 Rxf5 60. Rg6 Rc5 61. Rxd6 Rc1 62. Kd5 Kg3 63. Ke4 1/2-1/2